Deewan-e-Ghalib (Record no. 71498)

000 -LEADER
fixed length control field 00467nam a22001817a 4500
003 - CONTROL NUMBER IDENTIFIER
control field NUST - PNEC
005 - DATE AND TIME OF LATEST TRANSACTION
control field 20170116181202.0
008 - FIXED-LENGTH DATA ELEMENTS--GENERAL INFORMATION
fixed length control field 160217b xxu||||| |||| 00| 0 eng d
020 ## - INTERNATIONAL STANDARD BOOK NUMBER
International Standard Book Number 9695030821
040 ## - CATALOGING SOURCE
Transcribing agency LIBRARY
082 ## - DEWEY DECIMAL CLASSIFICATION NUMBER
Classification number 891.4391 HAM
100 ## - MAIN ENTRY--PERSONAL NAME
9 (RLIN) 16482
Personal name Hamid Ali Khan
245 ## - TITLE STATEMENT
Title Deewan-e-Ghalib
Statement of responsibility, etc. Hamid Ali Khan
260 ## - PUBLICATION, DISTRIBUTION, ETC.
Place of publication, distribution, etc. Lahore:
Name of publisher, distributor, etc. Al Faisal;
Date of publication, distribution, etc. 2007
300 ## - PHYSICAL DESCRIPTION
Extent 240 pages
650 ## - SUBJECT ADDED ENTRY--TOPICAL TERM
9 (RLIN) 16483
Topical term or geographic name entry element Urdu Literature
General subdivision General
942 ## - ADDED ENTRY ELEMENTS (KOHA)
Source of classification or shelving scheme
Koha item type Book
Holdings
Withdrawn status Lost status Source of classification or shelving scheme Materials specified (bound volume or other part) Damaged status Not for loan Permanent Location Current Location Shelving location Date acquired Source of acquisition Cost, normal purchase price Total Checkouts Full call number Barcode Date last seen Cost, replacement price Price effective from Koha item type
      hardbound     Pakistan Navy Engineering College (PNEC) Pakistan Navy Engineering College (PNEC)   12/14/2015 Tawakkal Academy/Library grant 350.00   891.4391 HAM PNECLIB-032561 02/17/2016 350.00 12/14/2015 Book
© 2023 Central Library, National University of Sciences and Technology. All Rights Reserved.